| 000 | 00478nam a2200193Ia 4500 | ||
|---|---|---|---|
| 003 | OSt | ||
| 005 | 20230508152853.0 | ||
| 008 | 210423s2008 xx 000 0 und d | ||
| 020 | _a100070655456 | ||
| 040 | _cAL | ||
| 082 |
_a546 _223 _b DHAP |
||
| 100 |
_aDHAWAN (Prem). _9100015 |
||
| 245 | _aInorganic chemistry. | ||
| 260 |
_aNew Delhi _bTata McGrawhill _c2008 |
||
| 300 |
_aviii,10.27 _bPB |
||
| 365 |
_b295 _cINR |
||
| 906 | _achemistry. ; Inorganic | ||
| 942 |
_2ddc _cBK |
||
| 999 |
_c163848 _d163848 |
||